000 00452nam a22001937a 4500
005 20250828165536.0
008 250828b |||||||| |||| 00| 0 eng d
037 _cTB
040 _aCRL
_cCRL
041 _2eng
_aeng
084 _qCRL
100 _aCope (J)
_9819248
245 _aErnest Heminway: an Interview
260 _c1958.
300 _a104p.
365 _b1.00
_c$
942 _2CC
_cTB
_n0
999 _c1434959
_d1434959